[Event "Charlotte CCCSA Winter IM-B"]
[Site "Charlotte"]
[Date "2022.01.15"]
[Round "5"]
[White "Chen, Ryo"]
[Black "Lima Martinez, Alejandro"]
[Result "1-0"]
[WhiteElo "2255"]
[BlackElo "2078"]
[PlyCount "104"]
[EventDate "2022.01.13"]
[EventType "tourn"]
[EventRounds "9"]
[EventCountry "USA"]
[SourceTitle "CBM 206 Extra"]
[Source "ChessBase"]
[SourceDate "2022.03.31"]
[SourceVersion "1"]
[SourceVersionDate "2022.03.31"]
[SourceQuality "1"]

1. e4 c5 2. Nf3 d6 3. d4 cxd4 4. Nxd4 Nf6 5. Nc3 a6 6. Be2 e6 7. 0-0 b5 8. Bf3 Ra7 9. Be3 Rc7 10. Nb3 Nbd7 11. a4 b4 12. Na2 Bb7 13. Nd2 Qa8 14. c3 Nxe4 15. Nxe4 Bxe4 16. Bxe4 Qxe4 17. Nxb4 Qb7 18. Qe2 Nb8 19. a5 d5 20. Bd4 Rc4 21. Rad1 Bxb4 22. cxb4 Nc6 23. Bxg7 Rg8 24. Bc3 Nxb4 25. Bxb4 Rxb4 26. Rc1 Rgg4 27. b3 Rge4 28. Qh5 Rxb3 29. Qxh7 Ke7 30. Qh8 Rbb4 31. Rc8 Qd7 32. Qf8+ Kf6 33. Qh6+ Ke5 34. Qg7+ Kd6 35. Qh8 Ke7 36. Rfc1 Rec4 37. Qf8+ Kf6 38. Qh6+ Ke5 39. Qe3+ Kf6 40. R8xc4 Rxc4 41. Re1 Qc7 42. Qh6+ Ke7 43. Qg5+ Ke8 44. h4 Qd8 45. Qg8+ Ke7 46. Qg3 Qxa5 47. Qg5+ Kd7 48. Rb1 Qd8 49. Rb7+ Rc7 50. Qxd8+ Kxd8 51. Rxc7 Kxc7 52. h5 Kd8 1-0

[Event "Charlotte CCCSA Winter IM-B"]
[Site "Charlotte"]
[Date "2022.01.14"]
[Round "2"]
[White "Lima Martinez, Alejandro"]
[Black "Bregadze, Levan"]
[Result "0-1"]
[WhiteElo "2078"]
[BlackElo "2448"]
[PlyCount "64"]
[EventDate "2022.01.13"]
[EventType "tourn"]
[EventRounds "9"]
[EventCountry "USA"]
[SourceTitle "CBM 206 Extra"]
[Source "ChessBase"]
[SourceDate "2022.03.31"]
[SourceVersion "1"]
[SourceVersionDate "2022.03.31"]
[SourceQuality "1"]

1. c4 Nf6 2. Nc3 e5 3. g3 Bb4 4. Nd5 Nxd5 5. cxd5 0-0 6. Bg2 d6 7. e3 c6 8. a3 Ba5 9. dxc6 Nxc6 10. Ne2 Bg4 11. 0-0 Qd7 12. d3 Bh3 13. Nc3 Bxg2 14. Kxg2 Bxc3 15. bxc3 d5 16. Qa4 a6 17. Bb2 Rfd8 18. Rfd1 b5 19. Qh4 Qe6 20. e4 Rd6 21. a4 Rad8 22. axb5 axb5 23. Ra6 Qc8 24. Rda1 Rh6 25. Qg5 Qh3+ 26. Kg1 Qxh2+ 27. Kf1 Rf6 28. Qe3 dxe4 29. dxe4 Qh3+ 30. Ke1 Rfd6 31. Ra8 Qh1+ 32. Ke2 Qh5+ 0-1

[Event "FIDE World Uni Blitz-B 1st"]
[Site "Tornelo INT"]
[Date "2021.03.13"]
[Round "9.33"]
[White "Jurheza, Adiwindra Akbar"]
[Black "Lima Martinez, Alejandro"]
[Result "0-1"]
[WhiteElo "1777"]
[BlackElo "2074"]
[PlyCount "102"]
[EventDate "2021.03.13"]
[EventType "swiss (blitz)"]
[EventRounds "10"]
[EventCountry "NET"]
[SourceTitle "EXT 2022"]
[Source "ChessBase"]
[SourceDate "2021.10.06"]
[SourceVersion "1"]
[SourceVersionDate "2021.10.06"]
[SourceQuality "1"]

1. d4 Nf6 2. c4 c5 3. e3 g6 4. Nc3 Bg7 5. Bd3 0-0 6. Nf3 cxd4 7. exd4 d5 8. 0-0 Nc6 9. h3 b6 10. Re1 Bb7 11. Bg5 dxc4 12. Bxc4 h6 13. Bf4 Rc8 14. Bf1 Nd5 15. Nxd5 Qxd5 16. Rc1 Rfd8 17. Bc4 Qh5 18. Be2 Qa5 19. Qb3 Nxd4 20. Nxd4 Rxd4 21. Be3 Rdd8 22. Bc4 e6 23. Red1 Rxd1+ 24. Rxd1 Qe5 25. Rd7 Rc7 26. Rd8+ Kh7 27. Bf1 Bf6 28. Bd4 Qg5 29. Bxf6 Qxf6 30. Qd3 Bd5 31. Rd6 Qxb2 32. Qg3 Rc1 33. Kh2 Rxf1 34. Qf4 Qxf2 35. Qg4 Qf4+ 36. Qxf4 Rxf4 37. Rd7 Kg7 38. h4 Rf2 39. h5 Rxg2+ 40. Kh1 Rxa2+ 41. Kg1 gxh5 42. Rc7 h4 43. Rc3 Kg6 44. Kf1 Kg5 45. Kg1 Kg4 46. Kf1 Bf3 47. Rc8 h3 48. Rg8+ Kf4 49. Rc8 e5 50. Rc3 Kg3 51. Rc1 h2 0-1

[Event "FIDE World Uni Blitz-B 1st"]
[Site "Tornelo INT"]
[Date "2021.03.13"]
[Round "2.47"]
[White "Lima Martinez, Alejandro"]
[Black "Ng, Jr Jie"]
[Result "1-0"]
[WhiteElo "2074"]
[BlackElo "1171"]
[PlyCount "89"]
[EventDate "2021.03.13"]
[EventType "swiss (blitz)"]
[EventRounds "10"]
[EventCountry "NET"]
[SourceTitle "EXT 2022"]
[Source "ChessBase"]
[SourceDate "2021.10.06"]
[SourceVersion "1"]
[SourceVersionDate "2021.10.06"]
[SourceQuality "1"]

1. d4 Nf6 2. Nf3 g6 3. c4 d6 4. g3 Bg7 5. Bg2 Nbd7 6. 0-0 0-0 7. Nc3 e5 8. dxe5 Nxe5 9. Nxe5 dxe5 10. Bg5 c6 11. Qxd8 Rxd8 12. Ne4 Nxe4 13. Bxd8 Nd2 14. Rfc1 Be6 15. Ba5 Nxc4 16. Bc3 a5 17. Rd1 Rc8 18. b3 Na3 19. Rac1 b6 20. Bb2 Nb5 21. Rxc6 Rxc6 22. Bxc6 Nd4 23. Bxd4 exd4 24. Be4 Kf8 25. Rc1 Ke7 26. Kg2 a4 27. bxa4 Bxa2 28. Rc7+ Kd6 29. Rc6+ Ke5 30. f3 Bb3 31. Bc2 Bd5 32. Rxb6 f5 33. Kf2 Be6 34. f4+ Kf6 35. Bb3 d3 36. Rxe6+ Kf7 37. Rd6+ Ke7 38. Rxd3 h5 39. a5 h4 40. a6 hxg3+ 41. hxg3 Bf6 42. a7 g5 43. a8Q gxf4 44. Qb7+ Ke8 45. Qf7# 1-0

[Event "FIDE World Uni Blitz-B 1st"]
[Site "Tornelo INT"]
[Date "2021.03.13"]
[Round "7.32"]
[White "Osena, Alexis Anne"]
[Black "Lima Martinez, Alejandro"]
[Result "0-1"]
[WhiteElo "1704"]
[BlackElo "2074"]
[PlyCount "144"]
[EventDate "2021.03.13"]
[EventType "swiss (blitz)"]
[EventRounds "10"]
[EventCountry "NET"]
[SourceTitle "EXT 2022"]
[Source "ChessBase"]
[SourceDate "2021.10.06"]
[SourceVersion "1"]
[SourceVersionDate "2021.10.06"]
[SourceQuality "1"]

1. e4 c5 2. Nf3 g6 3. c3 Bg7 4. d4 cxd4 5. cxd4 d5 6. e5 Bg4 7. Be2 Nc6 8. 0-0 Nh6 9. h3 Bxf3 10. Bxf3 Nf5 11. Be3 e6 12. Nc3 0-0 13. Rc1 Rc8 14. Be2 Qh4 15. Bg4 Nxe3 16. fxe3 h5 17. Be2 Ne7 18. Nb5 Nf5 19. Qd3 Qg3 20. Bf3 Bh6 21. Rxc8 Rxc8 22. Nd6 Nxd6 23. exd6 Qxd6 24. e4 dxe4 25. Bxe4 Bg7 26. Bxb7 Qxd4+ 27. Qxd4 Bxd4+ 28. Kh1 Rb8 29. Rd1 Rxb7 30. Rxd4 Rxb2 31. Ra4 Rb7 32. Kh2 Kf8 33. Kg3 Ke7 34. Ra6 Kf6 35. Kf4 Rb2 36. g3 Rb4+ 37. Kf3 Rb7 38. Ke3 Ke7 39. h4 Kd7 40. Kf4 Rb4+ 41. Ke5 Rb7 42. Kf6 Kc8 43. Rc6+ Kb8 44. Ra6 Rd7 45. Rc6 Kb7 46. Rc3 Kb6 47. Rc8 Rd3 48. Kxf7 Rxg3 49. Kxe6 g5 50. hxg5 Rxg5 51. Rh8 Ka5 52. Kd6 Ka4 53. Kc6 Ka3 54. Ra8 a5 55. Kb6 Kxa2 56. Rh8 a4 57. Kc6 Kb2 58. Rb8+ Kc3 59. Kd6 a3 60. Rc8+ Kd3 61. Ra8 h4 62. Rxa3+ Ke2 63. Rh3 Rh5 64. Ke6 Kf2 65. Kf6 Kg2 66. Ra3 h3 67. Kg6 Re5 68. Ra2+ Kf3 69. Ra3+ Re3 70. Ra5 h2 71. Rh5 Kg2 72. Rg5+ Rg3 0-1

[Event "FISU World University"]
[Site "Tornelo INT"]
[Date "2020.10.28"]
[Round "7.17"]
[White "Picos Maiztegui, Miguel"]
[Black "Lima Martinez, Alejandro"]
[Result "1-0"]
[WhiteElo "2083"]
[BlackElo "2074"]
[PlyCount "51"]
[EventDate "2020.10.26"]
[EventType "team-swiss (rapid)"]
[EventRounds "9"]
[EventCountry "NET"]
[SourceTitle "CBM 199 Extra"]
[Source "ChessBase"]
[SourceDate "2021.01.31"]
[SourceVersion "1"]
[SourceVersionDate "2021.01.31"]
[SourceQuality "1"]
[WhiteTeam "Spain II"]
[BlackTeam "Mexico II"]
[WhiteTeamCountry "ESP"]
[BlackTeamCountry "MEX"]

1. e4 c5 2. Nf3 g6 3. c3 Bg7 4. d4 cxd4 5. cxd4 d5 6. exd5 Nf6 7. Nc3 0-0 8. Bc4 Nbd7 9. d6 exd6 10. 0-0 Nb6 11. Bb3 Bg4 12. h3 Bxf3 13. Qxf3 Qd7 14. Bg5 Ne8 15. Rfe1 Bxd4 16. Be7 Ng7 17. Bxf8 Rxf8 18. Rad1 Bxc3 19. Qxc3 d5 20. Qf6 Nf5 21. g4 Ng7 22. Re7 Qc8 23. Kg2 Ne6 24. Re1 Qc6 25. R1xe6 fxe6 26. Qg7# 1-0

[Event "FISU World University"]
[Site "Tornelo INT"]
[Date "2020.10.26"]
[Round "3.1"]
[White "Djordjevic, Vuk D"]
[Black "Lima Martinez, Alejandro"]
[Result "1-0"]
[WhiteElo "2347"]
[BlackElo "2074"]
[PlyCount "69"]
[EventDate "2020.10.26"]
[EventType "team-swiss (rapid)"]
[EventRounds "9"]
[EventCountry "NET"]
[SourceTitle "CBM 199 Extra"]
[Source "ChessBase"]
[SourceDate "2021.01.31"]
[SourceVersion "1"]
[SourceVersionDate "2021.01.31"]
[SourceQuality "1"]
[WhiteTeam "Serbia"]
[BlackTeam "Mexico II"]
[WhiteTeamCountry "SRB"]
[BlackTeamCountry "MEX"]

1. d4 Nf6 2. Bg5 c5 3. Bxf6 gxf6 4. dxc5 Na6 5. c3 Nxc5 6. g3 d5 7. Bg2 e6 8. Nh3 Bg7 9. Nf4 h5 10. h4 Qb6 11. Qc2 f5 12. Nd2 Ne4 13. e3 Bd7 14. 0-0 Be5 15. a4 Bxf4 16. a5 Qc5 17. Nxe4 fxe4 18. exf4 Bb5 19. Rfd1 Rc8 20. Qb3 a6 21. Rd4 Ke7 22. Re1 f5 23. Re3 Kf6 24. Qd1 Qc7 25. Qa1 Qe7 26. b3 Kg6 27. Qe1 Qc7 28. c4 Bc6 29. f3 Qg7 30. Qd2 exf3 31. Bxf3 dxc4 32. Rxe6+ Kh7 33. Bxc6 c3 34. Qd3 Rxc6 35. Qxf5+ 1-0

[Event "Online Olym Div2 E"]
[Site "Chess.com INT"]
[Date "2020.08.14"]
[Round "2.5"]
[White "Persanyi, Barnabas"]
[Black "Lima Martinez, Alejandro"]
[Result "1-0"]
[WhiteElo "2370"]
[BlackElo "2046"]
[PlyCount "167"]
[EventDate "2020.08.14"]
[EventType "team-tourn (rapid)"]
[EventRounds "9"]
[EventCountry "USA"]
[SourceTitle "CBM 198"]
[Source "ChessBase"]
[SourceDate "2020.10.31"]
[SourceVersion "1"]
[SourceVersionDate "2020.10.31"]
[SourceQuality "1"]
[WhiteTeam "Hungary"]
[BlackTeam "Mexico"]
[WhiteTeamCountry "HUN"]
[BlackTeamCountry "MEX"]

1. Nf3 c5 2. c4 Nc6 3. g3 e5 4. Nc3 d6 5. Bg2 Nge7 6. b3 g6 7. Bb2 Bg7 8. d3 0-0 9. 0-0 h6 10. Nd2 f5 11. a3 Be6 12. Nd5 Qd7 13. b4 Rae8 14. e3 b6 15. Qa4 Nb8 16. Qxd7 Bxd7 17. Nxe7+ Rxe7 18. Bd5+ Be6 19. Bxe6+ Rxe6 20. e4 f4 21. f3 fxg3 22. hxg3 Nc6 23. b5 Na5 24. Bc3 Bf6 25. Bxa5 bxa5 26. a4 Bd8 27. Kg2 Ref6 28. Nb1 h5 29. Nc3 h4 30. gxh4 Rf4 31. Nd5 Rxh4 32. Rh1 Rxh1 33. Rxh1 Kg7 34. Kg3 Bg5 35. Kg4 Bd8 36. Rh3 Rf7 37. f4 exf4 38. Nxf4 Re7 39. Rg3 Re5 40. Kh3 Bg5 41. Nd5 Bd8 42. Kg2 Rg5 43. Rxg5 Bxg5 44. Kf3 Kf7 45. Nc7 Bd8 46. Na6 Ke6 47. Nb8 Bb6 48. Nc6 Kf6 49. Kg4 Ke6 50. Kg5 Kf7 51. e5 dxe5 52. Nxe5+ Ke6 53. Nxg6 Bd8+ 54. Kg4 Bc7 55. Kf3 Bd6 56. Ke4 Bc7 57. Nh4 Bd8 58. Nf5 Bf6 59. Ne3 Bd8 60. Nd5 Kd6 61. Nc3 Ke6 62. Ne2 Bc7 63. Nc1 Bd8 64. Nb3 Bb6 65. d4 cxd4 66. c5 Bd8 67. Nxd4+ Kd7 68. Kd5 Kc8 69. Nc6 a6 70. Nxd8 axb5 71. axb5 Kxd8 72. Kc4 Kc7 73. Kb3 Kb7 74. Ka4 Ka7 75. Kxa5 Kb7 76. c6+ Ka7 77. b6+ Kb8 78. Ka6 Ka8 79. Kb5 Kb8 80. Kc5 Ka8 81. Kd6 Kb8 82. Kd7 Ka8 83. c7 Kb7 84. c8Q+ 1-0